Word Ladder: This Is So Meta Quiz Stats

 Plays Quiz Updated May 22, 2021

Support Sporcle.
Go Orange.
Score 0/25 Timer 03:00
1 Play Today
Clue 4-Letter Word % Correct
Automobile manufacturer, Henry ____FORD
96.3%
Organ in the chest for breathingLUNG
93%
Soft, curly hair of sheepWOOL
92.8%
Silly personFOOL
90.5%
� This is the thirteenth ____ on the ladder �•RUNG•
89.4%
Hard substance under a tree's barkWOOD
88.3%
� This quiz is a [First Rung]-letter [Sixth rung] ladder �•WORD•
87.2%
A payment for the use of propertyRENT
84.6%
Thick, adhesive liquid, usually white GLUE
82.3%
Stunted animalRUNT
80.7%
Outside the rules or limitsFOUL
80.5%
Built-in bedBUNK
79.2%
� This quiz is a [First Rung]-letter [Sixth rung] ladder �•FOUR•
76.8%
Clue 4-Letter Word % Correct
In baseball, to bat so it does not go past the infieldBUNT
76.6%
Having a liking forFOND
76.4%
Start up a computerBOOT
76%
Printed work on sheets of paper fastened together within coversBOOK
75.1%
Knock or hit something causing a reverberating soundBONK
69.2%
The flame used to light a fireLUNT
69.2%
� What you are reading now �•CLUE•
68.3%
Tear or split apartREND
63.5%
Feed or fill to excessGLUT
62.8%
Manage by oneselfFEND
62.4%
Disease with painful swelling of the jointsGOUT
60.6%
A contest or trialBOUT
57.4%

Today's Daily Dose

Quick Pick
Nissan Models

Get the Picture
Amazing Trees

You're not logged in!

Compare scores with friends on all Sporcle quizzes.
OR
Log In
Forgot?

From the Vault

Characters Reading in Movies II

by babymonkee

Movies 7m
It seems like it would be really hard to read in the movies - they keep the theater lights so dim.
Remove Ads.
Support Sporcle.
Get the best of Sporcle when you Go Orange. This ad-free experience offers more features, more stats, and more fun while also helping to support Sporcle. Thank you for becoming a member.

Show Comments

Extras

Top Quizzes Today


Score Distribution

Your Account Isn't Verified!

In order to create a playlist on Sporcle, you need to verify the email address you used during registration. Go to your Sporcle Settings to finish the process.

Report this User

Report this user for behavior that violates our Community Guidelines.

Details: